Kenya : (Record no. 66)

MARC details
000 -LEADER
fixed length control field 00977cam a2200301 a 4500
001 - CONTROL NUMBER
control field 1173056
003 - CONTROL NUMBER IDENTIFIER
control field OSt
005 - DATE AND TIME OF LATEST TRANSACTION
control field 20230602104453.0
008 - FIXED-LENGTH DATA ELEMENTS--GENERAL INFORMATION
fixed length control field 960610s1996 enka 000 0aeng d
010 ## - LIBRARY OF CONGRESS CONTROL NUMBER
LC control number 96185815
020 ## - INTERNATIONAL STANDARD BOOK NUMBER
International Standard Book Number 1869886089
035 ## - SYSTEM CONTROL NUMBER
System control number (OCoLC)34902340
040 ## - CATALOGING SOURCE
Original cataloging agency NNL
Transcribing agency NNL
Modifying agency DLC
042 ## - AUTHENTICATION CODE
Authentication code lccopycat
043 ## - GEOGRAPHIC AREA CODE
Geographic area code f-ke---
082 ## - DEWEY DECIMAL CLASSIFICATION NUMBER
Classification number 923.416
Item number KIN
100 0# - MAIN ENTRY--PERSONAL NAME
Personal name Maina wa Kinyatti.
245 10 - TITLE STATEMENT
Title Kenya :
Remainder of title a prison notebook /
Statement of responsibility, etc. Maina wa Kinyatti.
260 ## - PUBLICATION, DISTRIBUTION, ETC. (IMPRINT)
Place of publication, distribution, etc. London ;
Name of publisher, distributor, etc. Vita Books :
Place of publication, distribution, etc. Jamaica, N.Y.,
Name of publisher, distributor, etc. Mau Mau Research Center,
Date of publication, distribution, etc. c1996.
300 ## - PHYSICAL DESCRIPTION
Extent iii, 286 p. :
Other physical details ill. ;
Dimensions 23 cm.
600 10 - SUBJECT ADDED ENTRY--PERSONAL NAME
Personal name Maina wa Kinyatti
General subdivision Imprisonment.
650 #0 - SUBJECT ADDED ENTRY--TOPICAL TERM
Topical term or geographic name as entry element Political prisoners
Geographic subdivision Kenya
Form subdivision Biography.
650 #0 - SUBJECT ADDED ENTRY--TOPICAL TERM
Topical term or geographic name as entry element Historians
Geographic subdivision Kenya
Form subdivision Biography.
651 #0 - SUBJECT ADDED ENTRY--GEOGRAPHIC NAME
Geographic name Kenya
General subdivision Politics and government
Chronological subdivision 1978-
906 ## - LOCAL DATA ELEMENT F, LDF (RLIN)
a 7
b cbc
c copycat
d u
e ncip
f 19
g y-gencatlg
942 ## - ADDED ENTRY ELEMENTS (KOHA)
Source of classification or shelving scheme Dewey Decimal Classification
Koha item type Books
Holdings
Withdrawn status Lost status Source of classification or shelving scheme Damaged status Not for loan Home library Current library Date acquired Total Checkouts Full call number Barcode Date last seen Price effective from Koha item type
    Dewey Decimal Classification     Bunge Tower Library Bunge Tower Library 06/02/2023   923.416 KIN 10014435 06/02/2023 06/02/2023 Books
LIBRARY OPENING HOURS

When the Parliament is sitting: 8.00a.m - 7.00p.m or until the house adjourns
Mondays and Fridays and when the House is on Recess:  8.00a.m - 5.00p.m
Closed on Weekends and Public Holidays

Online Public Access Catalog (OPAC)
Website: http://www.parliament.go.ke
Bunge Library: https://libraryir.parliament.go.ke
Contact: library@parliament.go.ke | Tel no: (254-2)2221291 or 2848000 Ext 5043